000
00272nam a22001217a 4500
008
170427b xxu||||| |||| 00| 0 eng d
041
_a
eng
080
_a
546
100
_a
12
101
_a
shm
245
_a
QUANTITATIVE INORGANIC ANALYSIIS
_c
VOGEL.A.L
942
_2
udc
_c
BK
999
_c
12266
_d
12266